[Event "RUS-Cup01 Chigorin Memorial"]
[Site "St Petersburg"]
[Date "1996.??.??"]
[Round "2"]
[White "Sulskis, Sarunas"]
[Black "Khamidulin, Aleksey"]
[Result "1-0"]
[WhiteElo "2515"]
[BlackElo "2285"]
[PlyCount "79"]
[EventDate "1996.11.??"]
[EventType "swiss"]
[EventRounds "9"]
[EventCountry "RUS"]
[SourceTitle "CBM 056 Extra"]
[Source "ChessBase"]
[SourceDate "1997.03.01"]
[SourceVersion "1"]
[SourceVersionDate "1997.03.01"]
[SourceQuality "1"]

1. e4 e5 2. Nf3 Nc6 3. Bb5 Nd4 4. Nxd4 exd4 5. 0-0 Bc5 6. b4 Bxb4 7. Bb2 Bc5 8. c3 d3 9. Bxd3 Ne7 10. Bc2 0-0 11. d4 Bb6 12. c4 d6 13. Nc3 f5 14. c5 dxc5 15. d5 f4 16. e5 Bf5 17. Bb3 Ng6 18. Na4 Qg5 19. f3 Rad8 20. Nxb6 axb6 21. a4 Rfe8 22. Qe2 Nh4 23. Rad1 Rd6 24. Rf2 Kf8 25. Kh1 Rh6 26. Kg1 Ng6 27. d6 Qh4 28. h3 Qg3 29. d7 Rd8 30. Qc4 Nh8 31. Rd4 Ke7 32. Rxf4 Be6 33. Qe4 Rxh3 34. Bxe6 Qh2+ 35. Kf1 Qh1+ 36. Ke2 Kxe6 37. Qf5+ Ke7 38. e6 Rh6 39. Qg5+ Kxe6 40. Qxd8 1-0